LEADER 00879nam a2200205 i 4500 001 000000204381 003 CaOOAMICUS 005 20110726000000.0 008 110726s1802 it u000 u ita u 013 $a183101 026 $aonio o.lo e.ce ChTr (3) 1802 (A) 040 $aSeMil$bita 245 10$aVol. 4. 300 $a235, [1] p. 490 0 $aEdizione delle opere classiche italiane 773 0 $aFirenzuola, Agnolo <1493-1543>$tOpere di messer Agnolo Firenzuola fiorentino. Volume 1. [-5.].$dMilano : Soc. Tip. de' Classici Italiani, contrada del Bocchetto, n. 2536, 1802.$kEdizione delle opere classiche italiane$g4$w()25162 830 0$aEdizione delle opere classiche italiane.$0(OLS)http://semarc/title/33675 850 $aSeMil 852 $aSeMil$W1$xVenegono$y1$m1H I 2 FA$j154875$B154875$CSeMilBibl$Z2$F165716 $8I 996 $6245$aVol. 4$9(OLS)http://semarc/title/108694 LEADER 00924nam a2200193 i 4500 001 000000029468 003 CaOOAMICUS 005 20180830125448.0 008 180830s1892 fr u000 u und u 040 $aSeMil$bita 100 1 $aMeignan, Guillaume René .$0(OLS)http://semarc/name/13443 245 13$aLe Christ et l'Ancien Testament /$cpar Mgr. Meignan. 260 $aParis :$bLecoffre et C.,$c1892-1895. 300 $a7 v. ;$c23 cm. 500 $aAltra edizione di : L'Ancien Testament dans ses rapports avec le Nouveau / par le cardinal Meignan ; Prophéties messianiques / par Meignan. 774 0 $aMeignan, Guillaume René $tSalomon.$dParis : Victor Lecoffre, 1893.$g4$w()41904 774 0 $tProphètes d'Israel.$g5$w()41906 996 $6245$aLe Christ et l'Ancien Testament$9(OLS)http://semarc/title/40031 996 $6260$aParis :$bLecoffre et C.$9(OLS)http://semarc/publisher/37048